Jacobs, White and Ovey: the european convention on human rights

Sparad:
Bibliografiska uppgifter
Huvudupphovsmän: Rainey, Bernadette (Författare, medförfattare), Wicks, Elizabeth (Författare, medförfattare), Ovey, Clare (Författare, medförfattare)
Materialtyp: Bok
Språk:engelska
Publicerad: Oxford Oxford University Press 2014
Upplaga:6a. ed
Ämnen:
Taggar: Lägg till en tagg
Inga taggar, Lägg till första taggen!

MARC

LEADER 00000cam a2200000 a 4500
001 UCC9230
003 CL-VaPUC
008 190914e20140000uk |||||||||||||||||eng|d
020 |a 9780198767749 
082 0 4 |a 323.4  |b RAI  |2 21 
100 0 |a Rainey, Bernadette  |e author  |9 604171 
700 0 |a Wicks, Elizabeth  |e author  |9 604172 
700 0 |a Ovey, Clare  |e author  |9 604173 
245 1 0 |a Jacobs, White and Ovey: the european convention on human rights 
250 |a 6a. ed 
300 |a 692 p 
942 |c BK 
945 |d 20190914 23:07:00  |a dcastane 
260 |a Oxford  |b Oxford University Press  |c 2014 
650 0 |a Derechos humanos  |9 223025 
583 |a last modification  |c 20190914 23:07:00  |k Rodrigo Vera 
999 |c 375423  |d 375421 
952 |0 0  |1 0  |3 erb  |4 0  |6 323_400000000000000_RAI_2014  |7 0  |8 WP_COW  |9 561364  |a BIBDER  |b BIBDER  |e Fundación W and P Cowley  |i 5599636  |o 323.4 RAI 2014  |p 5599636  |r 2023-01-25  |w 2020-03-12  |y BK  |z Catalogado en:20190914  |k WPC